Hemisfério Norte ou Hemisfério Sul? - Statistics

Estatísticas Gerais
  • Esse quiz foi jogado 133 vezes
  • A pontuação média é 14 de 18
Estatísticas das Respostas
Questão Resposta % Correto
Londres Norte
100%
Groenlândia Norte
100%
Rio de Janeiro Sul
96%
Panamá Norte
92%
Angola Sul
92%
Monte Everest Norte
88%
Pirâmide de Gizé Norte
88%
Antártica Sul
88%
Machu Picchu Sul
88%
Tanzânia Sul
88%
Ilha de Páscoa Sul
83%
Índia Norte
79%
Vale da Morte Norte
75%
Manila Norte
67%
Nigéria Norte
54%
Trópico de Capricórnio Sul
54%
Fossa das Marianas Norte
46%
Deserto Kalahari Sul
46%
Nenhum quiz correspondente encontrado
Distribuição das Pontuações
Porcentagem de Pessoas com Cada Pontuação
Percentil de Números Respondidos
Sua Pontuação Histórica
Você não jogou esse quiz